Hướng dẫn sử dụng Microsoft Access (Có minh họa trên nhiều bài toán thực tế)

保存先:
書誌詳細
第一著者: Phạm Văn ất
フォーマット: 図書
言語:Undetermined
出版事項: Hà Nội KHKT 1997
主題:
タグ: タグ追加
タグなし, このレコードへの初めてのタグを付けませんか!
Thư viện lưu trữ: Trung tâm Học liệu Trường Đại học Cần Thơ
LEADER 00652nam a2200193Ia 4500
001 CTU_34162
008 210402s9999 xx 000 0 und d
020 |b 30.000đ 
082 |a 005.713 
082 |b Â124 
100 |a Phạm Văn ất 
245 0 |a Hướng dẫn sử dụng Microsoft Access (Có minh họa trên nhiều bài toán thực tế) 
245 0 |c Phạm Văn ất 
260 |a Hà Nội 
260 |b KHKT 
260 |c 1997 
650 |a access ( computer program language ),database management - computer programs 
904 |i MInh, 991126 
980 |a Trung tâm Học liệu Trường Đại học Cần Thơ